000 00865nam a2200253Ia 4500
003 OSt
005 20220923222954.0
006 a|||||r|||| 00| 0
007 ta
008 220922b |||||||| |||| 00| 0 hin d
024 _a209,350
037 _cTextual
040 _aARTS
_cARTS
_bhin
041 _2hin
_ahin
082 _aO152,3:gN7, N0
100 _aगुप्ता, विश्वम्भर दयाल
245 0 _aसमकालीन साहित्य और पाठक
246 _aSamakālīn sāhitya aur pāṭhaka
260 _aहाथरस
_b सीता प्रका0
_c1990
300 _a147पृ.
_ccm.
650 _aहिन्दी साहित्य
_9156264
942 _hO152,3:gN7, N0
_cTEXL
_2CC
999 _c359923
_d359923